| 000 | 00733nam a2200217 a 4500 | ||
|---|---|---|---|
| 001 | 45287 | ||
| 003 | BD-RjUL | ||
| 005 | 20211209054006.0 | ||
| 008 | 160725s1927 at a j 000 0 eng d | ||
| 035 | _a(BD-RjUL)45405 | ||
| 040 |
_aANL _beng _cANL _dVDU _dBD-RjUL |
||
| 041 | _aeng | ||
| 082 | 1 | 4 |
_a514 _223 _bCAE 1927 |
| 100 | 1 |
_aCarslaw, H. S. _q(Horatio Scott), _d1870-1954. _9138718 |
|
| 245 | 1 | 0 |
_aEasy numerical trigonometry / _cH.S. Carslaw. |
| 260 |
_aAustralia : _bAngus & Robertson, _c1927 |
||
| 300 |
_a152 p. : _bill. ; _c18 cm. |
||
| 500 | _aBased upon author's Easy numerical trigonometry of the right-angled triangle. | ||
| 650 | 0 |
_aTrigonometry _xProblems, exercises, etc. _xJuvenile literature. _9138719 |
|
| 942 |
_2ddc _cBK |
||
| 999 |
_c45287 _d45287 |
||